| 000 | 00375nam a2200157Ia 4500 | ||
|---|---|---|---|
| 003 | OSt | ||
| 008 | 191201s2005 xx 000 0 und d | ||
| 082 |
_a658.45 _bGUE |
||
| 100 | _aGUPTA, Rajhans | ||
| 245 | 4 | _aThe Essentials of Communication | |
| 250 | _a3rd | ||
| 260 |
_aNew Delhi _bPragati Prakashan Meerut _c2005 |
||
| 300 | _a350 | ||
| 650 | _aApplied | ||
| 942 |
_2ddc _cBK |
||
| 999 |
_c1573 _d1573 |
||